Score 0/24 Timer 04:00
1 Play Today
Station % Correct
Bank
87.7%
Baker Street
85.3%
Balham
84.9%
Barking
82.1%
Bond Street
78.8%
Barbican
76.6%
Borough
74.7%
Bermondsey
74.4%
Brixton
74.2%
Blackfriars
73.5%
Barkingside
72.7%
Bromley-by-Bow
72%
Station % Correct
Bow Road
69.9%
Belsize Park
69.8%
Bayswater
69.5%
Boston Manor
69%
Barons Court
67.7%
Burnt Oak
67.7%
Brent Cross
67.5%
Becontree
67.2%
Blackhorse Road
65.5%
Bounds Green
64.5%
Bethnal Green
63.2%
Buckhurst Hill
56.2%

You're not logged in!

Compare scores with friends on all Sporcle quizzes.
OR
Log In

Sporcle TV

Today on Sporcle TV


Watch our educational content, quiz creation guides, and fun videos on Sporcle TV.

Show Comments

Extras

Top Quizzes Today


Score Distribution

Paid Content

Your Account Isn't Verified!

In order to create a playlist on Sporcle, you need to verify the email address you used during registration. Go to your Sporcle Settings to finish the process.

Report this User

Report this user for behavior that violates our Community Guidelines.

Details: